000 00358nam a22001457a 4500
003 SGT
020 _a812560132-5
082 _a615.329
_bSHA
100 _aSHARMA, DR. KIRAN
245 _aLABORATORY MANUAL OF PHARMACEUTICAL MICROBIOLOGY
260 _aINDIA
_bTARA PUB.
_c2026
300 _a72
650 _aPHARMACEUTICAL MICROBIOLOGY
942 _2ddc
_cBK
999 _c32945
_d32945